| 000 | 01084pam a2200325 a 4500 | ||
|---|---|---|---|
| 999 |
_c1392 _d1392 |
||
| 001 | 1965911 | ||
| 003 | OSt | ||
| 005 | 20210628043128.0 | ||
| 008 | 880822s1989 enk b 001 0 eng | ||
| 010 | _a 88028499 | ||
| 020 | _a0745601499 (Blackwell) : | ||
| 020 | _a0745601502 (Blackwell : pbk.) : | ||
| 040 |
_aDLC _cDLC _dDLC |
||
| 043 | _ae-uk--- | ||
| 050 | 0 | 0 |
_aHN390 _b.W48 1989 |
| 082 | 0 | 0 |
_a361.6/1/0941 _219 |
| 100 | 1 |
_aWilliams, Fiona _c(Professor) |
|
| 245 | 1 | 0 |
_aSocial policy : _ba critical introduction : issues of race, gender, and class / _cFiona Williams. |
| 260 |
_aCambridge, UK : _bPolity Press ; _aOxford, Uk ; _aNew York, NY, USA : _bBlackwell, _c1989. |
||
| 300 |
_axviii, 236 p. ; _c24 cm. |
||
| 500 | _aIncludes index. | ||
| 504 | _aBibliography: p. [214]-228. | ||
| 650 | 0 |
_aWelfare state _xHistory. |
|
| 650 | 0 |
_aRacism _zGreat Britain. |
|
| 650 | 0 |
_aSexism _zGreat Britain. |
|
| 651 | 0 |
_aGreat Britain _xSocial policy _y1979- |
|
| 906 |
_a7 _bcbc _corignew _d1 _eocip _f19 _gy-gencatlg |
||
| 942 |
_2lcc _cBK _nMM |
||